000 00995cad a22002055a 4500
001 E154902
008 120131e20120131xxk 000 0 eng d
035 _a(Sirsi) u154902
041 0 _aeng
110 2 _aRegisters of Scotland
_95601
245 0 0 _aAverage property prices decrease by 0.5 per cent
_h[electronic resource]
260 _c2012
490 _aRegisters of Scotland News Release
_v31 January 2012
520 _aReports that the average price for a residential property in Scotland was £157 174 in Q3 of the financial year 2011/2012, a decrease of 0.5% compared to Q3 of the financial year 2010/2011. The total volume of sales across Scotland in Q3 was 19 828, an increase of 0.2% on Q3 2010/2011.
590 _aKA NTK
651 4 _aScotland
_y1999-
690 _aPROPERTY-RESIDENTIAL PROPERTY-RESIDENTIAL PROPERTY MARKET
856 4 0 _uhttps://www.ros.gov.uk/pdfs/ros_statistical_release_oct-dec2011.pdf
_zView the press release free of charge at www.ros.gov.uk...
942 _n0
999 _c83744
_d83744